000 01015cam a22003137a 4500
003 CHAP
005 20220329142737.0
008 971013s1959 r 00010 d
010 _a87146
011 _a88118
035 _a98663
040 _cCHAP
082 _a631.2
_bR45Y
100 0 0 _aReimbert, Marcel.
_995764
245 0 _aSilos :
_bteoría y práctica : cálculo - funcionamiento - realizaciones
_c/por Marcel y André Reimbert
260 _aBuenos Aires :
_bAméricalee,
_c1979.
300 _a463 p.
_b: ilus.
500 _aTrad. de : Silos, Théorie et practique, 1977
590 _aBATCH-UPD
_b10
_c20130110
_lUCH01
_h1123
590 _aBATCH-UPD
_b10
_c20130410
_lUCH01
_h0713
590 _aBATCH-UPD
_b10
_c20130914
_lUCH01
_h2000
590 _aCONVERSION
_b10
_c20130109
_lUCH01
_h1348
650 1 4 _aSilos.
_9105965
700 0 _aReimbert, André.
_995763
901 _aBK
905 _aAlejandra Carrasco M.
942 _cLIBRO
949 _a631.2 R45Y
_bBC
_cMUT
_d33724000888939
_eMUT
_h103542
_i98663
_sb
999 _c87146
_d87146